Air Quality , Assessment and Management (Record no. 594566)
[ view plain ]
| 000 -LEADER | |
|---|---|
| fixed length control field | 00376nam a22001217a 4500 |
| 020 ## - INTERNATIONAL STANDARD BOOK NUMBER | |
| International Standard Book Number | 9781639870363 |
| 040 ## - CATALOGING SOURCE | |
| Transcribing agency | Nust iese |
| 082 ## - DEWEY DECIMAL CLASSIFICATION NUMBER | |
| Classification number | 363.739 |
| Author Mark | Daw |
| 245 ## - TITLE STATEMENT | |
| Title | Air Quality , Assessment and Management |
| Remainder of title | Air Quality , Assessment and Management |
| 260 ## - PUBLICATION, DISTRIBUTION, ETC. | |
| Place of publication, distribution, etc. | New york city USA |
| Name of publisher, distributor, etc. | Murphy & Moore Publishing |
| Date of publication, distribution, etc. | 2022 |
| 300 ## - PHYSICAL DESCRIPTION | |
| Extent | 239 |
| 942 ## - ADDED ENTRY ELEMENTS (KOHA) | |
| Source of classification or shelving scheme | |
| Koha item type | Book |
| Call number prefix | 363.739 DAW |
| Call number suffix | 363.739 DAW |
| Withdrawn status | Lost status | Source of classification or shelving scheme | Damaged status | Not for loan | Permanent Location | Current Location | Shelving location | Date acquired | Total Checkouts | Full call number | Barcode | Date last seen | Price effective from | Koha item type |
|---|---|---|---|---|---|---|---|---|---|---|---|---|---|---|
| Institute of Environmental Science and Engineering (IESE) | Institute of Environmental Science and Engineering (IESE) | General Stacks | 04/28/2023 | 363.739 Daw | IESE-4013 | 04/28/2023 | 04/28/2023 | Book |
